| 000 | 00730cam a2200205 a 4500 | ||
|---|---|---|---|
| 001 | 000001884 | ||
| 005 | 20200929145738.0 | ||
| 008 | 930421s1992 sp a bc 001 0 spa | ||
| 020 | _a8486956242 | ||
| 040 |
_aDO-SdBNP _cDLC |
||
| 082 |
_a016.98 _bT344c |
||
| 245 | 0 | 0 |
_aTestimonios : _bcinco siglos del libro en Iberoamérica. Caracas-Madrid 1992. |
| 260 |
_aBarcelona : _bLunwerg, _c1992. |
||
| 300 |
_a340 p. : _bil. ; _c30 cm. |
||
| 440 | 0 |
_aEncuentros. _pSerie Catálogos _96154 |
|
| 504 | _aIncluye referencias bibliográficas (p. 313-325). | ||
| 650 | 4 |
_aBibliografía _zAmérica Latina _xExposiciones _96155 |
|
| 710 | 1 |
_aAsociación de Bibliotecas Nacionales de Iberoamérica. _96156 |
|
| 910 | _aCatalogación por copia / LC | ||
| 999 |
_c1759 _d1759 |
||